000 01821nam a22002657a 4500
003 Uzh_bibl
008 250623b |||||||| |||| 00| 0 ukr d
020 _a5-7707-6172-5
_c4.00
040 _bукр.
041 _2ukr
_aukr
080 _a821(477)
090 _a821(477)
_bГ 85
100 _aГрицюк, Степан
245 _aТаємні рани провин
_cПередм. М.Стеблини
_hТекст
260 _aКиїв
_bВидавничо-виробнича фірма "Котигорошко" ЛТД
_c1994
300 _a428 с.
_fВ опр.
490 _aСерія "Шкільна бібліотека"
520 _aГостросюжетні повісті Степана Грицюка, що виходять під загальною назвою «Таємні рани провин», приваблюють оригінальною манерою письма, цікавими неординарними характерами, несподіваними ситуаціями й колізіями. Вони читаються, що називається, за одним подихом. Автор майстерно відтворює живу навколишню дійсність, показує у, здавалось би, рядовому, приземленому явищі складні морально-етичні й суспільні проблеми.
521 _aДля широкого кола читачів
546 _aукр.
650 _aЛітературно-художнє видання
_yСучасність (кінець XX століття)
_xУкраїна
653 _aПровина
_aСовість
_aЗлочин
_aКаяття
_aМораль
655 _aГостросюжетні повісті
_vПовісті
942 _2udc
_cBK
999 _c18595
_d18595